Surnom des équipes nationales de rugby à XV - Statistiques

Statistiques générales
  • Ce quiz a été pris 239 fois
    175 depuis la dernière actualisation
  • Le résultat moyen est 6 sur 10
Statistiques - réponses
Équipe Surnom % Correct
Nouvelle-Zélande All blacks
88%
Afrique du Sud Springboks
81%
France Les bleus
72%
Argentine Pumas
72%
Angleterre XV de la rose
72%
Australie Wallabies
70%
Irlande XV du trèfle
58%
Pays de Galles XV du Poireau
40%
Italie Squadra Azzura
35%
Japon The Brave Blossoms
11%
Aucun quiz correspondant
Distribution des résultats
% des personnes avec chaque résultat
Percentile par nombre de réponses
Votre historique - résultats
Vous n’avez pas pris ce quiz depuis la dernière actualisation